Journal of Peace and Gandhian Studies (Record no. 223478)
[ view plain ]
| 000 -LEADER | |
|---|---|
| fixed length control field | 00604nam a22002057a 4500 |
| 005 - DATE AND TIME OF LATEST TRANSACTION | |
| control field | 20220624145805.0 |
| 008 - FIXED-LENGTH DATA ELEMENTS--GENERAL INFORMATION | |
| fixed length control field | 220624b ||||| |||| 00| 0 eng d |
| 040 ## - CATALOGING SOURCE | |
| Transcribing agency | AL |
| 041 ## - LANGUAGE CODE | |
| Language code of text/sound track or separate title | English |
| 082 ## - DEWEY DECIMAL CLASSIFICATION NUMBER | |
| Edition number | 23 |
| Classification number | 954.035 |
| Item number | RADJ |
| 100 ## - MAIN ENTRY--PERSONAL NAME | |
| Personal name | N Radhakrishnan |
| 100 ## - MAIN ENTRY--PERSONAL NAME | |
| 9 (RLIN) | 45025 |
| 245 ## - TITLE STATEMENT | |
| Title | Journal of Peace and Gandhian Studies |
| 260 ## - PUBLICATION, DISTRIBUTION, ETC. | |
| Place of publication, distribution, etc. | New Delhi |
| Name of publisher, distributor, etc. | Gandhi Media Centre |
| Date of publication, distribution, etc. | 1996 |
| 300 ## - PHYSICAL DESCRIPTION | |
| Extent | 136 p. |
| Other physical details | PB |
| Dimensions | 24x16 cm. |
| 440 ## - SERIES STATEMENT/ADDED ENTRY--TITLE | |
| Title | Vol 1 No 3 April-June 1996 |
| 9 (RLIN) | 45026 |
| 650 ## - SUBJECT ADDED ENTRY--TOPICAL TERM | |
| Topical term or geographic name entry element | Nonviolence as a Unifying Force |
| 9 (RLIN) | 45027 |
| 650 ## - SUBJECT ADDED ENTRY--TOPICAL TERM | |
| Topical term or geographic name entry element | Gandhi |
| 9 (RLIN) | 45028 |
| 700 ## - ADDED ENTRY--PERSONAL NAME | |
| Personal name | RADHAKRISHNAN (N) Ed |
| 9 (RLIN) | 45029 |
| 942 ## - ADDED ENTRY ELEMENTS (KOHA) | |
| Source of classification or shelving scheme | Dewey Decimal Classification |
| Koha item type | George Fernandes Collections |
| Withdrawn status | Lost status | Source of classification or shelving scheme | Damaged status | Not for loan | Collection code | Home library | Current library | Date acquired | Total Checkouts | Full call number | Barcode | Date last seen | Price effective from | Koha item type |
|---|---|---|---|---|---|---|---|---|---|---|---|---|---|---|
| Dewey Decimal Classification | History | St Aloysius Library | St Aloysius Library | 03/23/2013 | 954.035 RADJ | GF03860 | 06/24/2022 | 06/24/2022 | George Fernandes Collections |